The Hits Of Tom Jones - Statistics

General Stats
  • This quiz has been taken 28 times
  • The average score is 8 of 15
Answer Stats
Hint Answer % Correct
She's A ? Lady
95%
It's Not ? Unusual
95%
Sex ? Bomb
90%
Green Green ? Grass Of Home
90%
What's ? New Pussycat
81%
Mama Told Me ? Not To Come
67%
I Who ? Have Nothing
57%
I'll Never ? Fall In Love Again
43%
Detroit ? City
38%
Daughter Of ? Darkness
38%
Help ? Yourself
38%
The Boy ? From Nowhere
33%
The Young New Mexican ? Puppeteer
29%
Letter To ? Lucille
10%
If I ? Only Knew
5%
No matching quizzes found
Score Distribution
Percent of People with Each Score
Percentile by Number Answered
Your Score History
You have not taken this quiz